|
|
|
|
| LEADER |
00000cam a2200000 a 4500 |
| 001 |
vtls001221475 |
| 003 |
SK-MaSNL |
| 005 |
20260301112600.0 |
| 008 |
240318s1996 xo dra 0000j slo |
| 015 |
|
|
|a SNBA1997/0401166
|
| 020 |
|
|
|a 8007008241
|
| 035 |
|
|
|a SNK000166647
|
| 035 |
|
|
|a urn:nbn:sk:snk-amjbw1
|
| 035 |
|
|
|a urn:nbn:sk:snk-am003o9w
|
| 035 |
|
|
|a 1051EC9A-E124-46B3-BD81-9989473C943E
|
| 040 |
|
|
|a SNK
|b slo
|c SNK
|e AACR2
|
| 041 |
1 |
|
|a slo
|h eng
|
| 044 |
|
|
|a xo
|c SK
|
| 080 |
|
|
|a 820 (73)-3
|2 1981
|
| 100 |
1 |
|
|a Blair, L. E.,
|d 1956-
|4 aut
|9 244391
|
| 240 |
1 |
4 |
|a The Bookshop mystery
|l Slovensky
|
| 245 |
1 |
0 |
|a Záhadné kníhkupectvo
|c L.E. Blair ; z anglického originálu Girl Talk - The Bookshop mystery ... preložila Eva Trégerová
|
| 260 |
|
|
|a Bratislava
|b Príroda
|c 1996
|
| 300 |
|
|
|a 98 s.
|c 20 cm
|
| 655 |
|
7 |
|a americké príbehy
|2 SNKPH
|9 70732
|
| 655 |
|
7 |
|a literatúra pre mládež
|2 SNKPH
|9 89423
|
| 700 |
1 |
|
|a Trégerová, Eva
|4 trl
|9 47426
|
| 787 |
0 |
8 |
|i Zo série:
|t Medzi nami dievčatami
|g 30
|
| 852 |
|
|
|a Slovenská národná knižnica
|
| 919 |
|
|
|a 80-07-00824-1
|
| 954 |
|
|
|a beletria cudzojazyčná (svetová)
|2 lita
|
| 958 |
|
|
|a LX
|
| 958 |
|
|
|a UP
|
| 968 |
|
|
|b ENG
|
| 999 |
|
|
|c 710955
|d 712885
|
| 952 |
|
|
|a SNK
|b SNK
|y VYP
|7 0
|p 17A1101026
|o snkSD 68327 D1
|i snk2013/29349
|8 5
|0 0
|1 0
|4 0
|d 2013-11-28
|f 1
|l 0
|r 2026-02-23 21:31:07
|w 2026-02-23
|
| 952 |
|
|
|t P60, <03>, [BOOK], {603}
|a SNK
|b SNK
|y PREZ
|7 0
|p 17A0032999
|o snkSD 68327
|i snkKSP 904/97
|0 0
|1 0
|4 0
|d 1997-02-04
|l 0
|r 2005-01-01 00:00:00
|w 2026-02-23
|